Capitales con nombre de persona - Estadísticas

Estadísticas generales
  • Esta prueba ha sido intentada 24 veces
  • La puntuación promedio es 5 de 12
Estadísticas de respuestas
Capital % Correcto
Santiago de Chile
71%
Sofía
67%
Saint John’s
62%
San José
57%
Saint George’s
48%
Santo Domingo
43%
Santo Tomé
33%
San Marino
29%
San Salvador
29%
Asunción
24%
La Paz
19%
Port Louis
0%
No se encontraron pruebas coincidentes
Distribución de puntuación
Porcentaje de gente con cada puntuación
Porcentaje por número respondido
Historial de tus puntuaciones
No has intentado esta prueba.